Marriage, family and kinship (Record no. 10238)

MARC details
000 -LEADER
fixed length control field 00482cam a2200193ua 4500
008 - FIXED-LENGTH DATA ELEMENTS--GENERAL INFORMATION
fixed length control field 191012n ii |||gr||||Z||||||eng
020 ## - INTERNATIONAL STANDARD BOOK NUMBER
International Standard Book Number 9789386053732
040 ## - CATALOGING SOURCE
Transcribing agency MAIN
082 ## - DEWEY DECIMAL CLASSIFICATION NUMBER
Classification number 306.8
100 ## - MAIN ENTRY--PERSONAL NAME
Personal name Maya Majumdar,
Relator term
245 ## - TITLE STATEMENT
Title Marriage, family and kinship
Statement of responsibility, etc. By Maya Majumdar
250 ## - EDITION STATEMENT
Edition statement 1st.
260 ## - PUBLICATION, DISTRIBUTION, ETC.
Place of publication, distribution, etc. New Delhi:
Name of publisher, distributor, etc. Wisdom press,
Date of publication, distribution, etc. 2017.
300 ## - PHYSICAL DESCRIPTION
Extent 193p.
942 ## - ADDED ENTRY ELEMENTS (KOHA)
Koha item type Books
653 ## - INDEX TERM--UNCONTROLLED
Uncontrolled term Culture & institutions
653 ## - INDEX TERM--UNCONTROLLED
Uncontrolled term study of family
Holdings
Withdrawn status Lost status Damaged status Not for loan Home library Current library Shelving location Date acquired Total Checkouts Full call number Barcode Date last seen Date last checked out Copy number Price effective from Koha item type
        Central Library, Naharkatiya College Central Library, Naharkatiya College General Stacks 19/09/2020 4 306.8Sociology | MAJ 26566 13/09/2025 05/09/2025 2 19/09/2020 Books
        Central Library, Naharkatiya College Central Library, Naharkatiya College General Stacks 19/09/2020 1 306.8Sociology | MAJ 27342 03/05/2024 27/02/2024 1 19/09/2020 Books

Naharkatiya College © 2020. All rights reserved.

Powered By